Normal view
MARC view
Entry Topical Term
001 - CONTROL NUMBER
- control field: 10941
003 - CONTROL NUMBER IDENTIFIER
- control field: ARRUPE
005 - DATE AND TIME OF LATEST TRANSACTION
- control field: 20140612135925.0
008 - FIXED-LENGTH DATA ELEMENTS
- fixed length control field: 140612|| aca||aabn | a|a d
040 ## - CATALOGING SOURCE
- Original cataloging agency: ARRUPE
- Transcribing agency: ARRUPE
150 ## - HEADING--TOPICAL TERM
- Topical term or geographic name as entry element: South African poetry (English)
670 ## - SOURCE DATA FOUND
- Source citation: Work cat.: (ARRUPE)0: A Treasury of South African poetry and verse, 1907.